00492nam a2200193 a 4500001001300000003000900013005001700022008004100039020001100080082001300091100001700104245004300121260004700164300000800211500003500219505001300254650001400267700001700281nice12345678IN_TiNIC20260116012358.0050524s1985 mada grp 000 0 eng  ac16.500a370bRAM aRamu, Seetha aRural In-Migrants in Higher Education. aMadrasbChristian Literature Societyc1985 a61p aincludes index and biblioraphy2 aAppendix aEducation1 aRamu, Seetha